000 00324nam a22001337a 4500
008 170331b xxu||||| |||| 00| 0 eng d
020 _a094332081
041 _aeng
080 _a616-053.2
100 _a8
101 _aSHM
245 _aETHICAL ISSUES THE TREATMENT OF CHILDREN AND ADOLESCENTS
_cSILBER.T
942 _2udc
_cBK
999 _c9285
_d9285